Dane a zdaňovanie študijný text
Saved in:
| Main Author: | |
|---|---|
| Other Authors: | |
| Format: | Book |
| Language: | Slovak |
| Published: |
Bratislava
ÚĎVEM EU
1996
|
| Series: | Manažment malého a stredného podnikania
|
| Subjects: | |
| Tags: |
No Tags, Be the first to tag this record!
|
MARC
| LEADER | 00000nam a2200000 4500 | ||
|---|---|---|---|
| 001 | c102675 | ||
| 005 | 20240422080835.3 | ||
| 020 | |a 80-225-0761-X | ||
| 041 | 0 | |a slo | |
| 044 | |a SK | ||
| 245 | 1 | 0 | |a Dane a zdaňovanie |b študijný text |c Juraj Lipták |
| 264 | 1 | |a Bratislava |b ÚĎVEM EU |c 1996 | |
| 300 | |a 145 s. | ||
| 490 | 1 | |a Manažment malého a stredného podnikania | |
| 830 | 0 | |a Manažment malého a stredného podnikania | |
| 610 | 2 | 0 | |a dane |
| 610 | 2 | 0 | |a dane priame |
| 610 | 2 | 0 | |a dane z príjmov |
| 610 | 2 | 0 | |a dane z nehnuteľností |
| 610 | 2 | 0 | |a dane cestné |
| 610 | 2 | 0 | |a sústava daňová |
| 610 | 2 | 0 | |a dane z hodnoty pridanej |
| 610 | 2 | 0 | |a dane nepriame |
| 610 | 2 | 0 | |a dane spotrebné |
| 610 | 2 | 0 | |a dane z darovania |
| 610 | 2 | 0 | |a dane z dedičstva |
| 610 | 2 | 0 | |a sadzby daňové |
| 100 | 1 | |a Lipták, Juraj | |
| 700 | 1 | |a Borodovčák, Michal | |